Comida de América del Sur - ¡Muerte Súbita! - Estadísticas

Estadísticas generales
  • Esta prueba ha sido intentada 62 veces
  • La puntuación promedio es 5 de 16
Answers on the Grid
Answers color-coded by a green-red scale on the quiz's grid according to % correct below.
Choripán
Feijoada à brasileira
Ceviche
Bifana
Fondue
Enchiladas
Pachamanca
Bobó de camarão
Pabellón criollo
Fugazza / Fugazzetta
Poutine
Medianoche
Chilaquiles
Bandeja paisa
Pom
Guatitas
Pastel de choclo
Cachupa
Ndolé
Fish and chips
Fosforito
Salteña
Sopa paraguaya
Chivito
Pepperpot guyanesa
Fabada asturiana
Conejo en salmorejo
Bacalao al ajoarriero
 
Estadísticas de respuestas
Respuesta % Correcto
Ceviche
59%
Choripán
59%
Sopa paraguaya
56%
Feijoada à brasileira
53%
Bandeja paisa
41%
Bobó de camarão
29%
Chivito
29%
Pastel de choclo
26%
Salteña
26%
Pabellón criollo
21%
Pachamanca
21%
Pepperpot guyanesa
21%
Fosforito
15%
Fugazza / Fugazzetta
12%
Guatitas
12%
Pom
0%
No se encontraron pruebas coincidentes
Distribución de puntuación
Porcentaje de gente con cada puntuación
Porcentaje por número respondido
Historial de tus puntuaciones
No has intentado esta prueba.